书目信息 |
| 题名: |
教育实习全程解说
|
|
| 作者: | 朱绍禹 主编 | |
| 分册: | ||
| 出版信息: | 太原 山西教育出版社 2005 |
|
| 页数: | 291页 | |
| 开本: | 20cm | |
| 丛书名: | ||
| 单 册: | ||
| 中图分类: | G424.4 | |
| 科图分类: | ||
| 主题词: | 教育实习 | |
| 电子资源: | ||
| ISBN: | 7-5440-2966-2 | |
| 000 | 00673nam0 2200205 450 | |
| 005 | 20070606210427.95 | |
| 010 | @a7-5440-2966-2@dCNY19.00 | |
| 100 | @a20060606d2005 ekmy0chiy0110 ea | |
| 101 | 0 | @achi |
| 102 | @aCN@b140000 | |
| 105 | @ay z 000yy | |
| 200 | 1 | @a教育实习全程解说@Ajiao yu shi xi quan cheng jie shuo@f朱绍禹主编 |
| 210 | @a太原@c山西教育出版社@d2005 | |
| 215 | @a291页@d20cm | |
| 330 | @a本书共有五章: 教育实习的准备阶段, 教育实习的见习阶段, 教育实习的实施阶段, 教育实习的收束阶段, 教育实习的组织领导. | |
| 606 | 0 | @a教育实习 |
| 690 | @aG424.4@v4 | |
| 701 | 0 | @a朱绍禹@Azhu shao yu@4主编 |
| 801 | 0 | @aCN@bTAOJIN@c20070606 |
| 905 | @a10447@dG424.4@e161 | |
| 教育实习全程解说/朱绍禹主编.-太原:山西教育出版社,2005 |
| 291页;20cm |
| ISBN 7-5440-2966-2:CNY19.00 |
| 本书共有五章: 教育实习的准备阶段, 教育实习的见习阶段, 教育实习的实施阶段, 教育实习的收束阶段, 教育实习的组织领导. |
| ● |
| 相关链接 |
|
|
|
|
正题名:教育实习全程解说
索取号:G424.4/161
 
预约/预借
| 序号 | 登录号 | 条形码 | 馆藏地/架位号 | 状态 | 备注 |
| 1 | 0527197 | 205271971 | 第一样本阅览室/ [索取号:G424.4/161] | 在馆 | |
| 2 | 0527198 | 205271980 | 第四借阅区/ [索取号:G424.4/161] | 在馆 | |
| 3 | 0527199 | 205271999 | 第四借阅区/ [索取号:G424.4/161] | 在馆 | |
| 4 | 0527200 | 205272006 | 密集书库-物理学院/ [索取号:G424.4/161] | 在馆 |